01614nam a2200361 a 4500001001000000003000500010005001700015008004100032010001100073011001100084040000900095090001000104100004600114245017900160260004100339500006000380502013000440590004000570590004000610590004000650590004000690590004000730650003100770650003200801650004100833856007000874901000700944942001000951942000600961999001900967952013100986952013501117000113816CHAP20220329144414.0170927s2017 mx sm |||||||spa d a110277 a111249 cCHAP aTesis1 aPérez Salinas, Jesús Emmanuel912921110aRelación entre la erosión hídrica y el grado de erosionabilidad de dos unidades de suelo del norte y centro de Méxicoh[En línea]cJesús Emmanuel Pérez Salinas. aChapingo, Méx. :bEl autor,c2017. aPara ver el contenido del material haga clic en la liga aTesis (M.C. en Recursos Naturales y Medio Ambiente en Zonas Áridas) -- UACH. Unidad Reginal Universitaria de Zonas Áridas aE6337LMJb05c20170927lUCH01h1000 aE6337LMJb05c20170927lUCH01h1002 aE6337LMJb05c20170927lUCH01h1302 aE6337LMJb05c20170927lUCH01h1311 aE6337LMJb05c20170927lUCH01h131914aLluviaxMedición.96732514aSuelosxAnálisis.911020414aSuelosxErosión hídrica.9131615 aFinding aiduhttp://10.13.5.2/tesis/sist113816.pdfzTeclea aquí aBK cTESIS n0 c110277d110277 00104054718TESISaBCbBCd2017-09-27fTESISl0oTesisp113818-10r2019-12-31 00:00:00w2019-12-31yTESISzRecien adquirido 00102local4053708TESISaBCbBCcPA_TESISd2017-09-27fTESISl0oTesisp113818-20r2019-12-31 00:00:00tc.2w2019-12-31yTESIS